[Event "FIDE World Rapid Team"]
[Site "London ENG"]
[Date "2025.06.11"]
[Round "1.1"]
[White "Firouzja, Alireza"]
[Black "Turner, Matthew J"]
[Result "1-0"]
[WhiteTitle "GM"]
[BlackTitle "GM"]
[WhiteElo "2766"]
[BlackElo "2441"]
[WhiteTeam "WR Chess Team"]
[BlackTeam "Sassy Seniors"]
[WhiteFideId "12573981"]
[BlackFideId "402893"]
[EventDate "2025.06.11"]
[EventType "team"]

1. e4 e5 2. Nf3 Nc6 3. Bb5 a6 4. Ba4 Nf6 5. O-O Be7 6. Re1 b5 7. Bb3 d6 8. c3
O-O 9. h3 Nb8 10. d4 Nbd7 11. Nbd2 Bb7 12. Bc2 Re8 13. Nf1 c5 14. Ng3 cxd4 15.
cxd4 exd4 16. Nxd4 d5 17. exd5 Bxd5 18. Ndf5 Bf8 19. Bf4 Qb6 20. Qd2 Rac8 21.
Rxe8 Rxe8 22. a4 Nc5 23. axb5 axb5 24. Be3 Qc6 25. f3 Nb3 26. Bxb3 Bxb3 27. Bd4
Be6 28. Rc1 Qd7 29. Qg5 Bxf5 30. Nxf5 Re6 31. Ra1 Ne8 32. Ra7 Qc6 33. Qf4 f6 34.
Qg4 Re1+ 35. Kh2 Qc1 36. Bc3 Rh1+ 37. Kg3 g6 38. Ne7+ Kh8 39. Ra8 1-0

[Event "FIDE World Rapid Team"]
[Site "London ENG"]
[Date "2025.06.11"]
[Round "1.2"]
[White "Parker, Jonathan F"]
[Black "Vachier-Lagrave, Maxime"]
[Result "0-1"]
[WhiteTitle "GM"]
[BlackTitle "GM"]
[WhiteElo "2517"]
[BlackElo "2736"]
[WhiteTeam "Sassy Seniors"]
[BlackTeam "WR Chess Team"]
[WhiteFideId "400580"]
[BlackFideId "623539"]
[EventDate "2025.06.11"]
[EventType "team"]

1. d4 Nf6 2. c4 e6 3. Nf3 b6 4. Nc3 Bb7 5. Bg5 Be7 6. e3 c5 7. dxc5 bxc5 8. Be2
O-O 9. O-O d6 10. a3 Nbd7 11. Qc2 h6 12. Bh4 Nh5 13. Bxe7 Qxe7 14. Rfd1 Rfd8 15.
Rd2 Nhf6 16. Rad1 Nb6 17. e4 e5 18. Nh4 g6 19. g3 Nh7 20. Nd5 Nxd5 21. cxd5 Bc8
22. Bf1 Ng5 23. Bg2 Rb8 24. Qc3 Bd7 25. Re1 Rb6 26. b4 cxb4 27. axb4 Rdb8 28.
Ra2 Nh3+ 29. Bxh3 Bxh3 30. Qe3 Kg7 31. Ng2 R8b7 32. f4 Rxb4 33. fxe5 dxe5 34.
Rd2 Rb2 35. Nh4 R7b3 36. Qf2 Qb4 37. Nf3 Rxd2 38. Qxd2 Qb6+ 0-1

[Event "FIDE World Rapid Team"]
[Site "London ENG"]
[Date "2025.06.11"]
[Round "1.4"]
[White "Vujatovic, Rajko"]
[Black "Duda, Jan-Krzysztof"]
[Result "0-1"]
[BlackTitle "GM"]
[WhiteElo "2222"]
[BlackElo "2725"]
[WhiteTeam "Sassy Seniors"]
[BlackTeam "WR Chess Team"]
[WhiteFideId "403393"]
[BlackFideId "1170546"]
[EventDate "2025.06.11"]
[EventType "team"]

1. Nf3 d5 2. d4 Nf6 3. Bf4 c5 4. e3 Nc6 5. c3 Qb6 6. Qb3 c4 7. Qc2 Bf5 8. Qc1 h6
9. Nbd2 e6 10. Be2 Qd8 11. O-O Be7 12. Re1 O-O 13. Ne5 Rc8 14. Bf3 b5 15. Nxc6
Rxc6 16. e4 Bh7 17. e5 Nd7 18. Nf1 b4 19. Ng3 bxc3 20. bxc3 Ra6 21. Nh5 Bg5 22.
h4 Bxh4 23. Nxg7 Kxg7 24. Bxh6+ Kh8 25. Bxf8 Nxf8 26. Bh5 Qg5 27. Qd1 Ng6 28.
Bxg6 Bxg6 29. Re3 Bf5 30. g3 Qg6 31. f4 Bxg3 0-1

[Event "FIDE World Rapid Team"]
[Site "London ENG"]
[Date "2025.06.11"]
[Round "1.5"]
[White "Hou, Yifan"]
[Black "Regan, Natasha K"]
[Result "1-0"]
[WhiteTitle "GM"]
[BlackTitle "WIM"]
[WhiteElo "2633"]
[BlackElo "2064"]
[WhiteTeam "WR Chess Team"]
[BlackTeam "Sassy Seniors"]
[WhiteFideId "8602980"]
[BlackFideId "403067"]
[EventDate "2025.06.11"]
[EventType "team"]

1. e4 e5 2. Nc3 Nf6 3. g3 Bc5 4. Bg2 c6 5. Nge2 O-O 6. O-O d5 7. exd5 cxd5 8. d4
exd4 9. Na4 Bd6 10. Nxd4 Bg4 11. Qd3 Qd7 12. Nc3 Bh3 13. Bg5 Be5 14. Bxf6 Bxf6
15. Nxd5 Bxd4 16. Qxd4 Nc6 17. Bxh3 Qxh3 18. Qe4 Rfe8 19. Qg2 Qxg2+ 20. Kxg2 Re2
21. Rac1 Rd8 22. Rfd1 f6 23. Kf1 Re5 24. c4 Kf7 25. b3 h5 26. Ne3 Rxd1+ 27. Rxd1
Ke6 28. Nd5 h4 29. f3 g5 30. Kf2 a6 31. gxh4 gxh4 32. f4 Re4 33. Kf3 f5 34. Kf2
Nd4 35. Rd2 Kd6 36. Nf6 Rxf4+ 37. Ke3 Ke5 38. Nd7+ 1-0

[Event "FIDE World Rapid Team"]
[Site "London ENG"]
[Date "2025.06.11"]
[Round "1.1"]
[White "Oro, Faustino"]
[Black "Rapport, Richard"]
[Result "0-1"]
[WhiteTitle "IM"]
[BlackTitle "GM"]
[WhiteElo "2465"]
[BlackElo "2714"]
[WhiteTeam "Turkish Airlines Sports Club"]
[BlackTeam "KazChess"]
[WhiteFideId "20000197"]
[BlackFideId "738590"]
[EventDate "2025.06.11"]
[EventType "team"]

1. e4 c5 2. Nf3 d6 3. d4 cxd4 4. Nxd4 Nf6 5. Nc3 g6 6. f3 Nc6 7. Be3 h5 8. Qd2
Nxd4 9. Bxd4 Bh6 10. Be3 Bxe3 11. Qxe3 Be6 12. O-O-O Qa5 13. a3 a6 14. Qd4 Rc8
15. Be2 Qc5 16. f4 O-O 17. Bf3 Ng4 18. Rd2 b5 19. h3 Ne3 20. Qxc5 Rxc5 21. Rd3
Nc4 22. Nd5 Bxd5 23. exd5 Rfc8 24. Re1 Kf8 25. Rd4 Na5 26. Kb1 Rxc2 27. Rdd1 Nb3
28. Ka2 Nd2 29. Be2 Nc4 30. Rb1 Rc5 31. f5 Rxd5 32. fxg6 fxg6 33. g4 h4 34. Bxc4
bxc4 35. Re6 c3 36. Rf1+ Ke8 37. Kb3 Rxb2+ 38. Kxc3 Rh2 39. Rf3 Rc5+ 40. Kb3
Rb5+ 41. Kc4 Rc2+ 42. Kd4 Rbc5 43. Rxg6 R5c4+ 44. Kd5 Ra4 45. Rh6 Rc5+ 0-1

[Event "FIDE World Rapid Team"]
[Site "London ENG"]
[Date "2025.06.11"]
[Round "1.2"]
[White "Esipenko, Andrey"]
[Black "Ahmad, Khagan"]
[Result "1/2-1/2"]
[WhiteTitle "GM"]
[BlackTitle "IM"]
[WhiteElo "2689"]
[BlackElo "2394"]
[WhiteTeam "KazChess"]
[BlackTeam "Turkish Airlines Sports Club"]
[WhiteFideId "24175439"]
[BlackFideId "13431552"]
[EventDate "2025.06.11"]
[EventType "team"]

1. d4 Nf6 2. Nf3 d5 3. g3 Bf5 4. c4 c6 5. Nc3 e6 6. Nh4 Bg4 7. Qb3 Qb6 8. c5 Qc7
9. f3 Bh5 10. Bf4 Qc8 11. g4 Bg6 12. e4 Be7 13. Bg3 b6 14. Nxg6 hxg6 15. cxb6
axb6 16. Qxb6 O-O 17. Be2 c5 18. dxc5 Bxc5 19. Qc7 Na6 20. Bxa6 Rxa6 21. exd5
Nxd5 22. Nxd5 exd5 23. Qxc8 Rxc8 24. Kd2 Bd4 25. Rhb1 Rb6 26. a4 Bxb2 27. Kd1
Rb4 28. Ra2 Rd4+ 29. Ke2 Rc2+ 30. Kf1 Rb4 31. a5 Bc3 32. Rba1 Rb1+ 33. Rxb1 Rxa2
34. Rb8+ Kh7 35. Rb7 d4 36. Rd7 Rxa5 37. Ke2 f6 38. Kd3 Ra2 39. g5 Kg8 40. Rd8+
Kf7 41. Rd7+ Kf8 42. Bd6+ Kg8 43. gxf6 gxf6 44. Bc5 Rd2+ 45. Kc4 Rxh2 46. Bxd4
Bxd4 47. Rxd4 Rf2 48. Rd3 Kf7 49. Kd4 Re2 50. Ra3 Ke6 51. Ra5 g5 52. Kd3 Re5 53.
Ra6+ Kf5 54. Kd2 Re6 55. Ra4 Kg6 56. Ra8 Re7 57. Ra6 Kf7 58. Rb6 Re6 59. Rb7+
Kg6 60. Rb8 f5 61. Rg8+ Kh6 62. Rh8+ Kg7 63. Rh1 Kg6 64. Rg1 Re7 65. Rg2 Kf6 66.
Rg1 f4 67. Re1 Rxe1 68. Kxe1 Ke5 69. Ke2 Kd4 70. Kd2 Kc4 71. Kc2 Kc5 72. Kc1 Kd5
73. Kd1 Ke6 74. Ke2 Kf6 75. Kf1 Kf7 76. Kf2 Kg6 77. Kg1 Kg7 78. Kg2 Kf7 79. Kf1
Ke7 80. Ke1 Kd7 81. Kd1 Kc6 82. Kc2 Kc5 83. Kc1 Kb4 84. Kd2 1/2-1/2

[Event "FIDE World Rapid Team"]
[Site "London ENG"]
[Date "2025.06.11"]
[Round "1.3"]
[White "Lu, Miaoyi"]
[Black "Sadvakasov, Darmen"]
[Result "1-0"]
[WhiteTitle "IM"]
[BlackTitle "GM"]
[WhiteElo "2452"]
[BlackElo "2629"]
[WhiteTeam "Turkish Airlines Sports Club"]
[BlackTeam "KazChess"]
[WhiteFideId "8618020"]
[BlackFideId "13700464"]
[EventDate "2025.06.11"]
[EventType "team"]

1. e4 c5 2. Nc3 a6 3. Nf3 d6 4. Be2 e5 5. a4 Nc6 6. Bc4 g6 7. d3 Bg7 8. Ng5 Nh6
9. h4 Nd4 10. h5 f6 11. Nf3 Bg4 12. hxg6 hxg6 13. Be3 Nf7 14. Rxh8+ Nxh8 15. Nd5
g5 16. c3 Nxf3+ 17. gxf3 Bh5 18. Qb3 Rb8 19. Nb6 Bxf3 20. Be6 Bh5 21. Nd7 Rc8
22. Kd2 Rc7 23. Rh1 Bf7 24. Nb6 Kf8 25. a5 Qe8 26. Bxf7 Qxf7 27. Nd5 Ng6 28. Qb6
Rc6 29. Qa7 Rc8 30. Nb6 Rd8 31. Nc4 Qc7 32. b4 Qc6 33. bxc5 d5 34. Nd6 d4 35.
cxd4 exd4 36. Bxd4 f5 37. Bxg7+ Kxg7 38. Qxb7+ Qxb7 39. Nxb7 Rb8 40. c6 Ne7 41.
Rc1 fxe4 42. dxe4 Nxc6 43. Rxc6 Rxb7 44. Rxa6 Rb2+ 45. Ke3 Rb3+ 46. Ke2 Ra3 47.
f3 Ra2+ 48. Ke3 Ra3+ 49. Kf2 Kf7 50. Kg3 Ke7 51. Kg4 Kf7 52. Kxg5 Rxf3 53. Rb6
Ra3 54. a6 Ra5+ 55. Kf4 Ke7 56. Ke3 Ra4 57. Rh6 Kf7 58. Kd3 Kg7 59. Rb6 Kf7 60.
e5 Ke7 61. Rh6 Kf7 62. Kc3 Ke7 63. Kb3 Ra1 64. Kc4 Ra5 65. Kb4 Ra1 66. Kc5 Ra2
67. Kb6 Rb2+ 68. Kc7 Ra2 69. Kb7 Rb2+ 70. Rb6 1-0

[Event "FIDE World Rapid Team"]
[Site "London ENG"]
[Date "2025.06.11"]
[Round "1.4"]
[White "Ansat, Aldiyar"]
[Black "Xu, Yuanyuan"]
[Result "1-0"]
[WhiteTitle "IM"]
[BlackTitle "WGM"]
[WhiteElo "2489"]
[BlackElo "2300"]
[WhiteTeam "KazChess"]
[BlackTeam "Turkish Airlines Sports Club"]
[WhiteFideId "13715658"]
[BlackFideId "8601089"]
[EventDate "2025.06.11"]
[EventType "team"]

1. e4 c6 2. d4 d5 3. Nc3 dxe4 4. Nxe4 Bf5 5. Qf3 Bxe4 6. Qxe4 Nf6 7. Qd3 e5 8.
dxe5 Qa5+ 9. c3 Qxe5+ 10. Be2 Bc5 11. Nf3 Qe4 12. O-O Qxd3 13. Bxd3 O-O 14. h3
Nbd7 15. Re1 Rfe8 16. Bf4 a5 17. Kf1 h6 18. Rxe8+ Rxe8 19. Re1 Kf8 20. Rxe8+
Nxe8 21. Ke2 Bd6 22. Be3 Nef6 23. g3 Ke7 24. Nd4 g6 25. Bxh6 Ne5 26. Bg5 Nd7 27.
Nb3 a4 28. Na5 Nc5 29. Bc2 Bc7 30. Nc4 Ke6 31. Be3 Kd5 32. Nd2 b5 33. b3 axb3
34. axb3 Ne6 35. f4 Kd6 36. Ne4+ Nxe4 37. Bxe4 Nc5 38. Bc2 Bd8 39. Bd4 Ne6 40.
Be5+ Kd5 41. h4 Nc5 42. Kf3 Ke6 43. Bd4 Nd7 44. b4 Nb6 45. g4 Nd5 46. f5+ gxf5
47. Bxf5+ Kd6 48. g5 Nc7 49. Kg4 Ne6 50. Bxe6 Kxe6 51. h5 1-0

[Event "FIDE World Rapid Team"]
[Site "London ENG"]
[Date "2025.06.11"]
[Round "1.5"]
[White "Lohia, Sohum"]
[Black "Kamalidenova, Meruert"]
[Result "0-1"]
[WhiteTitle "FM"]
[BlackTitle "IM"]
[WhiteElo "2364"]
[BlackElo "2330"]
[WhiteTeam "Turkish Airlines Sports Club"]
[BlackTeam "KazChess"]
[WhiteFideId "5819369"]
[BlackFideId "13712802"]
[EventDate "2025.06.11"]
[EventType "team"]

1. e4 c5 2. Nf3 Nc6 3. Bb5 d6 4. O-O Bd7 5. Re1 Nf6 6. c3 a6 7. Bf1 e5 8. d4
cxd4 9. cxd4 Bg4 10. d5 Nd4 11. Be3 Nxf3+ 12. gxf3 Bd7 13. a4 Be7 14. Nd2 O-O
15. Nc4 b5 16. Nb6 Rb8 17. Nxd7 Nxd7 18. axb5 axb5 19. Bh3 Bg5 20. Kh1 Bxe3 21.
fxe3 b4 22. Ra7 Nc5 23. Qe2 Qh4 24. Kg2 Qg5+ 25. Kh1 Qh4 26. Kg2 g6 27. Rea1 Kg7
28. Qf2 Qg5+ 29. Kh1 Nd3 30. Qe2 Nc5 31. Qf2 b3 32. Bf1 Qd8 33. Qd2 Qf6 34. Qe2
Rb6 35. Rc7 Rfb8 36. Raa7 R6b7 37. Raxb7 Rxb7 38. Rxb7 Nxb7 39. Kg2 Nc5 40. Qd2
Qd8 41. Qb4 Qa8 42. Qc3 Qa1 43. Bc4 Qd1 44. Kf2 Qc2+ 45. Ke1 Qxh2 46. Bxb3 Qg1+
47. Kd2 Qf2+ 48. Kc1 Qxf3 49. Bc2 Nxe4 50. Bxe4 Qxe4 51. b4 h5 52. b5 h4 53. b6
Qxd5 54. Qc7 h3 55. b7 h2 56. b8=Q h1=Q+ 57. Kb2 Qhg2+ 58. Qc2 Qdd2 59. Qxd2
Qxd2+ 60. Ka1 Qxe3 0-1

[Event "FIDE World Rapid Team"]
[Site "London ENG"]
[Date "2025.06.11"]
[Round "1.6"]
[White "Aiten, Islam"]
[Black "Yildiz, Ali Aras"]
[Result "1-0"]
[WhiteElo "1950"]
[BlackElo "2089"]
[WhiteTeam "KazChess"]
[BlackTeam "Turkish Airlines Sports Club"]
[WhiteFideId "13749420"]
[BlackFideId "51619822"]
[EventDate "2025.06.11"]
[EventType "team"]

1. d4 d5 2. Nc3 Nf6 3. Bf4 e6 4. Nb5 Na6 5. e3 c6 6. Nc3 Nb8 7. Nf3 Bd6 8. Ne5
Qe7 9. Bd3 Nbd7 10. Qf3 Nf8 11. O-O-O Ng6 12. Bxg6 hxg6 13. h4 Qc7 14. g4 Bxe5
15. Bxe5 Qe7 16. h5 gxh5 17. gxh5 Rh6 18. Rdg1 Qf8 19. Bf4 Rh7 20. e4 Nxe4 21.
Nxe4 dxe4 22. Qxe4 Qh8 23. h6 g6 24. Be5 Qg8 25. Qf4 Bd7 26. Bd6 f5 27. Qg5 Rd8
28. Qf6 Bc8 29. Ba3 Rdd7 30. Rxg6 Qf7 31. Qg5 Rxd4 32. Rg8+ Kd7 33. Qd8# 1-0

[Event "FIDE World Rapid Team"]
[Site "London ENG"]
[Date "2025.06.11"]
[Round "1.1"]
[White "McShane, Luke J"]
[Black "Gan-Erdene, Sugar"]
[Result "1/2-1/2"]
[WhiteTitle "GM"]
[BlackTitle "IM"]
[WhiteElo "2615"]
[BlackElo "2454"]
[WhiteTeam "Malcolm's Mates"]
[BlackTeam "Mongolia-B"]
[WhiteFideId "404853"]
[BlackFideId "4902980"]
[EventDate "2025.06.11"]
[EventType "team"]

1. e4 c5 2. Nf3 d6 3. d4 cxd4 4. Nxd4 Nf6 5. Nc3 Nc6 6. Be2 e5 7. Nf3 h6 8. O-O
Be6 9. Re1 Be7 10. Bf1 O-O 11. Nd5 Re8 12. c4 Bg4 13. h3 Bxf3 14. Nxe7+ Qxe7 15.
Qxf3 Nd7 16. Be3 Nc5 17. g3 Ne6 18. Qd1 Rac8 19. b3 a6 20. Rb1 Rf8 21. Rb2 Rcd8
22. Rd2 Ncd4 23. f4 f5 24. fxe5 dxe5 25. exf5 Nxf5 26. Rxd8 Rxd8 27. Qg4 Nxe3
28. Rxe3 Ng5 29. Qe2 Qc5 30. Bg2 e4 31. Kh2 Qb4 32. Qf1 Qd2 33. Re2 Qd3 34. h4
Nf3+ 35. Bxf3 exf3 36. Rf2 Qxf1 37. Rxf1 Rd2+ 38. Kh3 Rxa2 39. Rxf3 Ra3 40. Kg4
a5 41. h5 Kh7 42. c5 a4 43. bxa4 Rxa4+ 44. Rf4 Ra5 45. Rf5 Ra4+ 46. Kf3 Rc4 47.
Rd5 Kg8 48. Rd8+ Kf7 49. Rd7+ Kf6 50. Rxb7 Rxc5 51. Rb6+ Kf7 52. g4 Ra5 1/2-1/2

[Event "FIDE World Rapid Team"]
[Site "London ENG"]
[Date "2025.06.11"]
[Round "1.2"]
[White "Bilguun, Sumiya"]
[Black "Maroroa Jones, Gawain C B"]
[Result "1-0"]
[WhiteTitle "GM"]
[BlackTitle "GM"]
[WhiteElo "2451"]
[BlackElo "2653"]
[WhiteTeam "Mongolia-B"]
[BlackTeam "Malcolm's Mates"]
[WhiteFideId "4901541"]
[BlackFideId "409561"]
[EventDate "2025.06.11"]
[EventType "team"]

1. e4 e5 2. Nf3 Nc6 3. Bc4 Nf6 4. d3 h6 5. O-O Bc5 6. c3 d6 7. a4 a5 8. Re1 O-O
9. Nbd2 Ng4 10. Re2 Kh8 11. h3 Nxf2 12. Rxf2 f5 13. Nf1 Bxf2+ 14. Kxf2 f4 15. d4
Qf6 16. N1h2 Qg6 17. Bd5 Ne7 18. dxe5 dxe5 19. Kf1 Nxd5 20. Qxd5 Be6 21. Nxe5
Qe8 22. Qc5 Qh5 23. Nhf3 Rad8 24. Nd7 Qxc5 25. Nxc5 Bg8 26. e5 b6 27. Ne4 Rd1+
28. Ke2 Rfd8 29. Ned2 Rh1 30. b3 Bh7 31. Bb2 Rxa1 32. Bxa1 Kg8 33. Nd4 g5 34. c4
Bg6 35. Nc6 Bd3+ 36. Kf3 Re8 37. Ne4 Kf8 38. Nf6 Re6 39. Nd4 Re7 40. c5 bxc5 41.
Nc6 Re6 42. Nxa5 Ke7 43. Ne4 Ra6 44. Bc3 c4 45. Nc5 Ra8 46. Nxc4 Bc2 47. a5 Bd1+
48. Kf2 h5 49. Bb4 g4 50. hxg4 hxg4 51. Nd3+ Ke8 52. Nxf4 Bxb3 53. Nd2 Rb8 54.
Bc5 Ba4 55. Ne4 Bc6 56. Nf6+ Kf7 57. a6 Rb3 58. N6h5 Rc3 59. e6+ Ke8 60. Nf6+
Kd8 61. e7+ Kc8 62. Bd4 g3+ 63. Ke2 Rc2+ 64. Kd3 Ra2 65. a7 Ra3+ 66. Kc4 Ra4+
67. Kb3 Kb7 68. Ne6 Kc8 69. e8=Q+ Bxe8 70. Nxe8 Ra5 71. N8xc7 1-0

[Event "FIDE World Rapid Team"]
[Site "London ENG"]
[Date "2025.06.11"]
[Round "1.3"]
[White "Adams, Michael"]
[Black "Batkhuyag, Munguntuul"]
[Result "1-0"]
[WhiteTitle "GM"]
[BlackTitle "IM"]
[WhiteElo "2659"]
[BlackElo "2356"]
[WhiteTeam "Malcolm's Mates"]
[BlackTeam "Mongolia-B"]
[WhiteFideId "400041"]
[BlackFideId "4900758"]
[EventDate "2025.06.11"]
[EventType "team"]

1. e4 c6 2. d4 d5 3. e5 Bf5 4. h4 h5 5. Bd3 Bxd3 6. Qxd3 Qa5+ 7. Nd2 e6 8. Nf3
Nh6 9. c3 Nf5 10. b4 Qb5 11. Qxb5 cxb5 12. a4 bxa4 13. Rxa4 Nd7 14. Ke2 Nb6 15.
Ra5 Be7 16. Bb2 Kd7 17. g3 Rhc8 18. b5 a6 19. Rb1 Bd8 20. bxa6 Rxa6 21. Rb5 Ra2
22. Ne1 Ke8 23. Kd3 Na4 24. c4 Ba5 25. Nef3 Nxb2+ 26. R1xb2 Rxb2 27. Rb4 Rb3+
28. Rxb3 Bb4 29. Rb2 Bxd2 30. Nxd2 dxc4+ 31. Nxc4 Rd8 32. Kc3 Rd7 33. Rb4 Kd8
34. Nb6 Rc7+ 35. Kd3 Rc6 36. d5 exd5 37. Nxd5 Kc8 38. Nf4 g6 39. e6 fxe6 40.
Nxg6 Rd6+ 41. Ke4 Rd2 42. Kf3 Nd4+ 43. Ke3 Nc2+ 44. Kxd2 Nxb4 45. Nf4 b5 46.
Nxh5 Nd5 47. g4 Kd7 48. Ng3 b4 49. Kc2 Kd6 50. h5 Kc5 51. g5 Kc4 52. Ne4 b3+ 53.
Kb2 Nf4 54. Nf6 Nd3+ 55. Kb1 Nxf2 56. g6 Nd1 57. Ne4 Kd4 58. g7 1-0

[Event "FIDE World Rapid Team"]
[Site "London ENG"]
[Date "2025.06.11"]
[Round "1.4"]
[White "Mungunzul, Bat-Erdene"]
[Black "Saric, Ivan"]
[Result "0-1"]
[WhiteTitle "WCM"]
[BlackTitle "GM"]
[WhiteElo "2337"]
[BlackElo "2661"]
[WhiteTeam "Mongolia-B"]
[BlackTeam "Malcolm's Mates"]
[WhiteFideId "4902831"]
[BlackFideId "14508150"]
[EventDate "2025.06.11"]
[EventType "team"]

1. d4 Nf6 2. c4 g6 3. Nc3 Bg7 4. e4 d6 5. Nf3 O-O 6. Be2 Na6 7. O-O c6 8. Re1 e5
9. Be3 Bg4 10. h3 exd4 11. Bxd4 Bxf3 12. Bxf3 Re8 13. g3 h5 14. Qd2 Nc5 15. Rad1
Qe7 16. Bg2 Ne6 17. Be3 Nd7 18. f4 h4 19. g4 g5 20. Qxd6 Qxd6 21. Rxd6 gxf4 22.
Rxd7 fxe3 23. Rxb7 Reb8 24. Rxb8+ Rxb8 25. Nd1 Bd4 26. Kh1 Nf4 27. Bf1 Bxb2 28.
Rxe3 Be5 29. Rb3 Rd8 30. Ne3 Rd2 31. a3 Nxh3 32. Bxh3 Rh2+ 33. Kg1 Rxh3 34. Rd3
Rxe3 35. Rxe3 Bd4 36. Kf2 h3 0-1

[Event "FIDE World Rapid Team"]
[Site "London ENG"]
[Date "2025.06.11"]
[Round "1.5"]
[White "Mirzoeva, Elmira"]
[Black "Sodbilegt, Naranbold"]
[Result "1-0"]
[WhiteTitle "WGM"]
[BlackTitle "FM"]
[WhiteElo "2294"]
[BlackElo "2363"]
[WhiteTeam "Malcolm's Mates"]
[BlackTeam "Mongolia-B"]
[WhiteFideId "4127951"]
[BlackFideId "4903528"]
[EventDate "2025.06.11"]
[EventType "team"]

1. d4 Nf6 2. c4 e6 3. Nf3 Bb4+ 4. Nbd2 O-O 5. a3 Bxd2+ 6. Qxd2 b6 7. e3 Bb7 8.
Be2 d6 9. O-O Nbd7 10. b4 a5 11. Bb2 Qe7 12. Rfd1 e5 13. Qc2 Be4 14. Qc3 Rfe8
15. Nd2 Bb7 16. d5 c6 17. e4 cxd5 18. cxd5 Rec8 19. Qb3 a4 20. Qa2 Ba6 21. Bxa6
Rxa6 22. Rac1 Raa8 23. Rc6 b5 24. Rdc1 Rxc6 25. dxc6 Nb6 26. Qb1 Ne8 27. Qd3 Nc7
28. Qe3 Rb8 29. h3 Qe8 30. f4 f6 31. fxe5 fxe5 32. Qd3 Nc8 33. Nf3 Qe7 34. Nxe5
dxe5 35. Qd7 Ne8 36. c7 Ra8 37. Qd5+ 1-0

[Event "FIDE World Rapid Team"]
[Site "London ENG"]
[Date "2025.06.11"]
[Round "1.6"]
[White "Enkhbayar, Genden"]
[Black "Soulier, Alfred"]
[Result "0-1"]
[WhiteElo "1837"]
[BlackElo "1911"]
[WhiteTeam "Mongolia-B"]
[BlackTeam "Malcolm's Mates"]
[WhiteFideId "4928415"]
[BlackFideId "486264"]
[EventDate "2025.06.11"]
[EventType "team"]

1. d4 Nf6 2. c4 e6 3. Nc3 Bb4 4. e3 O-O 5. Nf3 d5 6. Qc2 Nbd7 7. a3 Bxc3+ 8.
bxc3 b6 9. cxd5 exd5 10. Bd3 c5 11. h3 c4 12. Be2 Re8 13. O-O Ne4 14. a4 Ndf6
15. Ba3 Qc7 16. Bb4 a5 17. Ba3 Rb8 18. Rab1 Bf5 19. Nh4 Bd7 20. Rb2 Qc6 21. Bd1
Rb7 22. Nf3 Bf5 23. Nh4 Be6 24. Nf3 h6 25. Ne5 Qc7 26. Re1 Nd7 27. Nf3 Bf5 28.
Rb5 Qc6 29. Qc1 Bh7 30. Bc2 Kh8 31. Qb2 Reb8 32. Rb1 f6 33. Rd1 g5 34. Nd2 f5
35. f3 Nxd2 36. Rxd2 Re8 37. Re2 Nf6 38. Bc5 Reb8 39. Ba3 Re8 40. Bc5 Reb8 41.
Ba3 Re8 42. Qb1 f4 43. Bxh7 Nxh7 44. e4 Qd7 45. Qc2 dxe4 46. Rxe4 Rbb8 47. Qb1
Nf6 48. Ree5 Rxe5 49. Rxe5 Nd5 50. Qg6 Nxc3 51. Qxh6+ Qh7 52. Qf6+ Qg7 53. Qxg7+
Kxg7 54. Rxg5+ Kf6 55. Re5 Nxa4 56. Be7+ Kf7 57. Bg5 Re8 58. Rd5 Ke6 59. Re5+
Kd7 60. Rd5+ Kc6 61. Rf5 b5 62. d5+ Kd7 63. Bxf4 Nc3 64. d6 Ne2+ 65. Kf2 Nxf4
66. Rxf4 Kxd6 67. Rf6+ Kc5 68. Rf4 a4 69. h4 a3 70. Rf7 Ra8 71. Re7 a2 72. Re1
a1=Q 73. Rxa1 Rxa1 74. g4 Kd5 75. Ke3 b4 76. g5 b3 77. g6 b2 78. g7 Ra8 0-1

[Event "FIDE World Rapid Team"]
[Site "London ENG"]
[Date "2025.06.11"]
[Round "1.1"]
[White "Schneider, Ilja"]
[Black "Abdusattorov, Nodirbek"]
[Result "0-1"]
[WhiteTitle "IM"]
[BlackTitle "GM"]
[WhiteElo "2417"]
[BlackElo "2767"]
[WhiteTeam "Berlin Chess Federation"]
[BlackTeam "Uzbekistan"]
[WhiteFideId "4663306"]
[BlackFideId "14204118"]
[EventDate "2025.06.11"]
[EventType "team"]

1. e4 c5 2. Nc3 Nc6 3. Bb5 g6 4. Bxc6 bxc6 5. f4 Bg7 6. d3 d6 7. Nf3 Rb8 8. O-O
Bg4 9. h3 h5 10. Qe1 Bxf3 11. Rxf3 Nf6 12. e5 Nd5 13. e6 f5 14. Bd2 O-O 15. b3
Nc7 16. Qe2 Bd4+ 17. Kh1 Rf6 18. Rg3 Kh7 19. Qf3 h4 20. Rg5 Nxe6 21. Qxc6 Nxg5
22. fxg5 Re6 23. Rf1 Qh8 24. Nd5 Re2 25. Ba5 Qe5 26. Nf6+ Kg7 27. Qc7 Qg3 0-1

[Event "FIDE World Rapid Team"]
[Site "London ENG"]
[Date "2025.06.11"]
[Round "1.2"]
[White "Sindarov, Javokhir"]
[Black "Fromm, Marius"]
[Result "1-0"]
[WhiteTitle "GM"]
[BlackTitle "IM"]
[WhiteElo "2710"]
[BlackElo "2444"]
[WhiteTeam "Uzbekistan"]
[BlackTeam "Berlin Chess Federation"]
[WhiteFideId "14205483"]
[BlackFideId "12993190"]
[EventDate "2025.06.11"]
[EventType "team"]

1. e4 e6 2. Nf3 d5 3. Nc3 Nf6 4. e5 Nfd7 5. d4 c5 6. Ne2 Nc6 7. c3 Qb6 8. a3 a5
9. Nf4 Be7 10. h4 a4 11. Be2 O-O 12. Rh3 Qb3 13. Qd2 cxd4 14. cxd4 Nb6 15. Rg3
f5 16. Nh5 Rf7 17. Ng5 Nc4 18. Bxc4 Qxc4 19. Nxf7 Kxf7 20. Rxg7+ Ke8 21. Qc3
Nxd4 22. Qxc4 dxc4 23. Kf1 b5 24. Bg5 Bxg5 25. hxg5 1-0

[Event "FIDE World Rapid Team"]
[Site "London ENG"]
[Date "2025.06.11"]
[Round "1.3"]
[White "Florstedt, Johannes"]
[Black "Kasimdzhanov, Rustam"]
[Result "0-1"]
[WhiteTitle "FM"]
[BlackTitle "GM"]
[WhiteElo "2391"]
[BlackElo "2675"]
[WhiteTeam "Berlin Chess Federation"]
[BlackTeam "Uzbekistan"]
[WhiteFideId "12922293"]
[BlackFideId "14200244"]
[EventDate "2025.06.11"]
[EventType "team"]

1. e4 e5 2. Nf3 Nc6 3. d4 exd4 4. Nxd4 Bb4+ 5. c3 Be7 6. Nf5 Bf6 7. Ne3 d6 8.
Bb5 Bd7 9. O-O Nge7 10. Ng4 Bh4 11. c4 h5 12. Ne3 Bf6 13. h3 h4 14. Ng4 Bd4 15.
Nd2 a6 16. Ba4 Ng6 17. Nf3 Ba7 18. Ne3 O-O 19. Nd5 Nce5 20. Bxd7 Qxd7 21. Nxe5
Nxe5 22. Bg5 f6 23. Bxh4 c6 24. Nc3 Nxc4 25. Qb3 Qf7 26. Rad1 Rad8 27. Kh1 g5
28. Bg3 Kg7 29. Ne2 Rfe8 30. Qc2 Qe6 31. b3 Ne5 32. f4 Ng4 33. fxg5 Ne3 34.
gxf6+ Kf7 35. Qd3 Qxe4 36. Qd2 Qxg2# 0-1